The Wiley-Blackwell encyclopedia of social and political movements / (Record no. 26162)

MARC details
000 -LEADER
fixed length control field 01165cam a22003135a 4500
001 - CONTROL NUMBER
control field 17350755
005 - DATE AND TIME OF LATEST TRANSACTION
control field 20180225143425.0
008 - FIXED-LENGTH DATA ELEMENTS--GENERAL INFORMATION
fixed length control field 120618s2013 mau frbe 001 0 eng d
020 ## - INTERNATIONAL STANDARD BOOK NUMBER
International Standard Book Number 9781405197731
040 ## - CATALOGING SOURCE
Original cataloging agency DLC
Transcribing agency DLC
Modifying agency DLC
-- EG-ScBUE
Language of cataloging eng
082 04 - DEWEY DECIMAL CLASSIFICATION NUMBER
Edition number 22
Classification number 323.03
Item number WIL
245 04 - TITLE STATEMENT
Title The Wiley-Blackwell encyclopedia of social and political movements /
Statement of responsibility, etc edited by David A. Snow ... [et al.].
246 30 - VARYING FORM OF TITLE
Title proper/short title Encyclopedia of social and political movements
246 14 - VARYING FORM OF TITLE
Title proper/short title Encyclopedia of social & political movements
260 ## - PUBLICATION, DISTRIBUTION, ETC. (IMPRINT)
Place of publication, distribution, etc Malden :
Name of publisher, distributor, etc Wiley-Blackwell,
Date of publication, distribution, etc 2013.
300 ## - PHYSICAL DESCRIPTION
Extent v. 2 ;
Dimensions 26 cm.
490 0# - Series Statement
Series statement Wiley-Blackwell encyclopedias in social science
504 ## - BIBLIOGRAPHY, ETC. NOTE
Bibliography, etc Includes bibliographical references and index.
505 2# - FORMATTED CONTENTS NOTE
Formatted contents note v. 2. F-Pe.
541 ## - IMMEDIATE SOURCE OF ACQUISITION NOTE
Source of acquisition Donation from Bacca.
650 #7 - SUBJECT ADDED ENTRY--TOPICAL TERM
Topical term or geographic name as entry element Social movements
Form subdivision Encyclopedias.
Source of heading or term BUEsh
650 #7 - SUBJECT ADDED ENTRY--TOPICAL TERM
Topical term or geographic name as entry element Social movements
General subdivision Political aspects
Form subdivision Encyclopedias.
Source of heading or term BUEsh
650 #7 - SUBJECT ADDED ENTRY--TOPICAL TERM
Topical term or geographic name as entry element Political participation
Form subdivision Encyclopedias.
Source of heading or term BUEsh
650 #7 - SUBJECT ADDED ENTRY--TOPICAL TERM
Topical term or geographic name as entry element Political activists
Form subdivision Encyclopedias.
Source of heading or term BUEsh
651 ## - SUBJECT ADDED ENTRY--GEOGRAPHIC NAME
Source of heading or term BUEsh
653 ## - INDEX TERM--UNCONTROLLED
Resource For college Generalities
-- BAEPS, Political Science
Arrived date list February2018
700 1# - ADDED ENTRY--PERSONAL NAME
Personal name Snow, David A.,
Relator term editor.
942 ## - ADDED ENTRY ELEMENTS (KOHA)
Source of classification or shelving scheme Dewey Decimal Classification
Holdings
Withdrawn status Item status Source of classification or shelving scheme Damaged status Not for loan Vendor Home library Current library Shelving location Date acquired Source of acquisition Total Checkouts Full call number Barcode Date last seen Koha item type Public note
    Dewey Decimal Classification     Baccah Central Library Central Library First floor 25/02/2018 Donation   323.03 WIL 000047276 15/07/2025 Book - Borrowing v. 2